Maman Sabouleux (Record no. 156763)

MARC details
000 -LEADER
campo de control de longitud fija 00801nam a22002055i 4500
001 - NÚMERO DE CONTROL
campo de control 156763
003 - IDENTIFICADOR DE NÚMERO DE CONTROL
campo de control ES-MaACL
005 - FECHA Y HORA DE LA ÚLTIMA TRANSACCIÓN
campo de control 20251003163437.0
008 - DATOS DE LONGITUD FIJA--INFORMACIÓN GENERAL
campo de control de longitud fija 040804s1895 fr |||| | fre d
040 ## - FUENTE DE CATALOGACIÓN
Centro catalogador/agencia de origen CAM
Lengua de catalogación spa
Centro/agencia transcriptor CAM
100 0# - ENTRADA PRINCIPAL--NOMBRE DE PERSONA
Nombre de persona Labiche, Eugène.
9 (RLIN) 69236
245 10 - MENCIÓN DEL TÍTULO
Título Maman Sabouleux
Resto del título : comédie en un acte mèlée de chant /
Mención de responsabilidad, etc. par E. Labiche et Marc Michel.
250 ## - MENCION DE EDICION
Mención de edición [Nouvelle éd.].
260 ## - PUBLICACIÓN, DISTRIBUCIÓN, ETC.
Lugar de publicación, distribución, etc. Paris :
Nombre del editor, distribuidor, etc. Calmann Lévy éditeur,
Fecha de publicación, distribución, etc. 1895 (
Lugar de fabricación/manufactura Imprimerie de Lagny :
Fabricante Emile Colin)
300 ## - DESCRIPCIÓN FÍSICA
Extensión 43 p. ;
Dimensiones 18 cm.
595 ## -
-- Mención de ed. tomada de la cub. original.
700 11 - ENTRADA AGREGADA--NOMBRE PERSONAL
Nombre de persona Michel, Marc,
Fechas asociadas al nombre 1812-1868
9 (RLIN) 149496
852 ## - LOCALIZACIÓN
Ubicación ES-MaACL
Número de control de estantería D-2936(1)
Nota libre -- Enc. hol. conservando la cub. original
-- -- Legado M. de la Fuente
-- -- Enc. en un vol. facticio
Holdings
Estatus retirado Estado de pérdida Estado de daño No para préstamo Colección Biblioteca de origen Biblioteca actual Ubicación en estantería Fecha de adquisición Fuente de adquisición Total de préstamos Signatura topográfica completa Código de barras Visto por última vez Precio de reemplazo Tipo de ítem Koha
        Libros del s. XIX Biblioteca del Ateneo de Madrid Biblioteca del Ateneo de Madrid Sala Valle Inclán 17/01/2008     D-2936(1) 901164009 23/02/2023 23/02/2023 Libro impreso antiguo